| 000 | | | 04660nmc2a2200000 x 450 |
| 001 | | | 77b26eed-b549-4951-83a5-dfec4404fc07 |
| 005 | | | 20151228103005.0 |
| 100 | ## | $a | 20150429l18611862k l0rusy0189 ca |
| 101 | 0# | $a | rus |
| 102 | ## | $a | RU |
| 200 | 1# | $a | Дело об отклонении Александром II доклада министра народного просвещения об отмене запрещения воспитывать детей за границей и о разрешении воспитываться за границей сыновьям полковника А.Н. Хитрово и председателя черниговской казенной палаты, уроженца Гессен-Дармштадтского герцогства К.Ф. Бергштрессера |
| | $j | 27 декабря 1861 г. - 14 сентября 1862 г. |
| 251 | ## | $c | Дело |
| 300 | ## | $a | Дело |
| 300 | ## | $a | Ориг. заголовок дела: Дело о дозволении сыновьям полковника Хитрово: Николаю - 13 лет и Сергею - 9 лет воспитываться за границей. Тут же об отмене закона, воспрещающего воспитывать детей за границей, и о дозволении председателю черниговской казенной палаты статскому советнику Бергштрессеру воспитывать двух сыновей его за границей. 27 декабря 1861 г. - 14 сентября 1862 г |
| 801 | #0 | $a | RU |
| | $b | РГИА |
| | $c | 20150429 |
| | $g | RCR |
| 801 | #1 | $a | RU |
| | $b | ГлавНИВЦ |
| | $c | 20150429 |
| | $2 | rusmarc |
| 801 | #2 | $a | RU |
| | $b | ПБ им. Б.Н. Ельцина |
| | $c | 20151228 |
| | $g | RCR |
| | $2 | rusmarc |
| 850 | ## | $a | РГИА |
| 852 | ## | $a | РГИА |
| | $e | Федеральное казенное учреждение "Российский государственный исторический архив" (РГИА) |
| | $j | 192 |
| 937 | ## | $h | РГИА |
| | $d | 11609860 |
| | $a | ASBIBLIO_SCAN |
| 462 | #0 | $1 | 001f1784e12-4cc9-4f71-b18b-e3dfd01e921e |
| | $1 | 2001 |
| | $a | Общие дела 2-го отделения Департамента народного просвещения за 1840-1863 гг. |
| | $1 | 251 |
| | $c | Опись |
| | $1 | 852 |
| | $j | 90 |
| 461 | #0 | $1 | 001a74412a3-3cc5-4d21-8f0a-dfe2fbd9e72d |
| | $1 | 2001 |
| | $a | Департамент народного просвещения Министерства народного просвещения |
| | $1 | 251 |
| | $c | Фонд |
| | $1 | 852 |
| | $j | 733 |
| 215 | ## | $a | 40 л. |
| | $d | 36,5х26 см |
| 371 | ## | $a | Документ не является опубликованным и широко распространяемым |
| 105 | ## | $a | y### |
| 122 | 2# | $a | d |
| 517 | 1# | $a | Дело о дозволении сыновьям полковника Хитрово: Николаю - 13 лет и Сергею - 9 лет воспитываться за границей. Тут же об отмене закона, воспрещающего воспитывать детей за границей, и о дозволении председателю черниговской казенной палаты статскому советнику Бергштрессеру воспитывать двух сыновей его за границей. 27 декабря 1861 г. - 14 сентября 1862 г |
| 035 | ## | $a | 77b26eed-b549-4951-83a5-dfec4404fc07 |